Letters on poetry and art / (Record no. 142105)

MARC details
000 -LEADER
fixed length control field 00517nam a22001817a 4500
005 - DATE AND TIME OF LATEST TRANSACTION
control field 20170630111835.0
010 ## - LCCN (DPL NO)
LC control number ENG-119069
020 ## - INTERNATIONAL STANDARD BOOK NUMBER
Terms of availability 390.00
International Standard Book Number 9789352100989
035 ## - SYSTEM CONTROL NUMBER
System control number EN-102601
037 ## - SOURCE OF ACQUISITION
Source of stock number/acquisition DBAD/PUB
082 ## - DEWEY DECIMAL CLASSIFICATION NUMBER
Classification number 181.499
100 ## - MAIN ENTRY--PERSONAL NAME
Personal name Aurobindo
245 ## - TITLE STATEMENT
Title Letters on poetry and art /
Statement of responsibility, etc by Aurobindo
260 ## - PUBLICATION, DISTRIBUTION, ETC. (IMPRINT)
Place of publication, distribution, etc Pondicherry
Name of publisher, distributor, etc Sri Aurobindo Ashram
Date of publication, distribution, etc 2016
270 ## - ADDRESS
Address Sri Aurobindo Ashram
City Pondicherry
Postal code 605002
300 ## - PHYSICAL DESCRIPTION
Extent 769p.
Dimensions 22cm(Pbk)
942 ## - ADDED ENTRY ELEMENTS (KOHA)
Source of classification or shelving scheme Dewey Decimal Classification
Item type English Books
Classification part 181.499
Call number suffix AUR
Holdings
Withdrawn status Lost status Not for loan Collection code Home library Current library Date acquired Source of acquisition Cost, normal purchase price Full call number Barcode Copy number Cost, replacement price Koha item type
    Not For Loan Non-fiction D.B.Act.Division Bawana 30/06/2017 DBAD/PUB 390.00 181.499 AUR EN-102601 1 390.00 English Books

© Delhi Public Library
Hit Counter
free hit counter